000 00390nam a2200181Ia 4500
003 0STCL
008 150530s9999 xx 000 0 und d
040 _aSTCL
_cSTCL
100 _aDamodaran, P.S.
245 _aChundakaran
250 _a1
260 _bPrakasam; Alleppey
_c1950
300 _a0
546 _aMalayalam
942 _2ddc
_cBK
999 _c77015
_d77015
005 20220125171638.0